Stati dell'Agenzia per l'energia nucleare - Statistics

Statistiche generali
  • Questo quiz è stato fatto 5 volte
  • Il punteggio medio è 33 su 34
Statistiche sulle risposte
Continente Nazione % Corretto
America del Sud Argentina
100%
Oceania Australia
100%
Europa Austria
100%
Europa Belgio
100%
Europa Bulgaria
100%
America del Nord Canada
100%
Europa Danimarca
100%
Europa Finlandia
100%
Europa Francia
100%
Europa Germania
100%
Asia Giappone
100%
Europa Grecia
100%
Europa Irlanda
100%
Europa Islanda
100%
Europa Italia
100%
America del Nord Messico
100%
Europa Norvegia
100%
Europa Paesi Bassi
100%
Europa Polonia
100%
Europa Portogallo
100%
Europa Regno Unito
100%
Europa Romania
100%
Asia / Europa Russia
100%
Europa Slovacchia
100%
Europa Slovenia
100%
Europa Spagna
100%
America del Nord Stati Uniti
100%
Europa Svezia
100%
Europa Svizzera
100%
Asia / Europa Turchia
100%
Europa Ungheria
100%
Asia Corea del Sud
75%
Europa Lussemburgo
75%
Europa Reoubblica Ceca
0%
Nessun quiz corrispondente trovato
Distribuzione punteggi
Percentuale di utenti per punteggio
Percentile per numero di risposta
I tuoi punteggi nel tempo
Non hai fatto questo quiz